Arte e industria: principios del diseño industrial

Gespeichert in:
Bibliographische Detailangaben
1. Verfasser: Read, Herbert Harold (VerfasserIn)
Format: Buch
Sprache:Spanisch
Veröffentlicht: Buenos Aires Infinito 1961
Schriftenreihe:Biblioteca de Diseño y Artes Visuales, 3
Schlagworte:
Tags: Tag hinzufügen
Keine Tags, Fügen Sie den ersten Tag hinzu!

MARC

LEADER 00000nam a2200000 a 4500
001 UCV9879
003 CL-VaPUC
008 930709e19610000AG |||||||||||||||||spa|d
082 0 4 |a 745.2  |b REA  |2 21 
100 0 |a Read, Herbert Harold  |e author  |9 303875 
245 1 0 |a Arte e industria: principios del diseño industrial 
300 |a 150 p 
942 |c BK 
945 |d 19930709 00:00:00 
260 |a Buenos Aires  |b Infinito  |c 1961 
650 0 |a Diseño industrial  |9 262726 
583 |a last modification  |c 19930709 00:00:00  |k Rodrigo Vera 
490 0 |a Biblioteca de Diseño y Artes Visuales, 3 
999 |c 215154  |d 215152 
952 |0 0  |1 0  |4 0  |6 745_200000000000000_REA_1961  |7 0  |8 A  |9 199160  |a BIBARQ  |b BIBARQ  |d 2019-11-14  |i 266481K  |o 745.2 REA 1961  |p 266481K  |r 2025-01-20  |w 2019-11-14  |y BK  |k ARQ